书目信息 |
| 题名: |
公共安全技术
|
|
| 作者: | 张永坚 , 张九根 主编 | |
| 分册: | ||
| 出版信息: | 北京 中国建筑工业出版社 2014 |
|
| 页数: | 207页 | |
| 开本: | 26cm | |
| 丛书名: | ||
| 单 册: | ||
| 中图分类: | TU89 | |
| 科图分类: | ||
| 主题词: | 智能化建筑--安全设备--高等学校--教材 , 智能化建筑 , 安全设备 | |
| 电子资源: | ||
| ISBN: | 978-7-112-16682-4 | |
| 000 | 01229nam0 2200265 450 | |
| 001 | 142693 | |
| 005 | 20141223152736.78 | |
| 010 | @a978-7-112-16682-4@dCNY 26.00 | |
| 100 | @a20141017d2014 em y0chiy50 ea | |
| 101 | 0 | @achi |
| 102 | @aCN@b110000 | |
| 105 | @aa z 000yy | |
| 200 | 1 | @a公共安全技术@9gong gong an quan ji shu@b专著@f张九根,张永坚主编 |
| 210 | @a北京@c中国建筑工业出版社@d2014 | |
| 215 | @a207页@c图@d26cm | |
| 300 | @a高校建筑电气与智能化学科专业指导委员会规划推荐教材 | |
| 330 | @a本书第1章公共安全技术概论,介绍公共安全系统的概念、功能与组成,公共安全技术的发展;第2章公共安全技术原理,介绍公共安全系统的构成,公共安全系统的前端技术、信息传输技术、信息存储技术、信息显示技术等;第3章和第4章分别介绍火灾自动报警系统和安全技术防范系统,在介绍各子系统的组成及系统工作原理的基础上,重点叙述主要设备选择和系统设计的相关要素,即强调工程性;第5章应急联动系统,包括建筑应急联动系统和城市应急联动系统;第6章公共安全系统机房、供配电、防雷与接地。 | |
| 606 | 0 | @a智能化建筑@x安全设备@x高等学校@j教材 |
| 606 | 0 | @a智能化建筑 |
| 606 | 0 | @a安全设备 |
| 690 | @aTU89@v5 | |
| 701 | 0 | @a张永坚@9zhang yong jian@4主编 |
| 701 | 0 | @a张九根@9zhang jiu gen@4主编 |
| 801 | 0 | @c20141223 |
| 905 | @a241430@dTU89@eZ122 | |
| 公共安全技术/张九根,张永坚主编.-北京:中国建筑工业出版社,2014 |
| 207页:图;26cm |
| 高校建筑电气与智能化学科专业指导委员会规划推荐教材 |
| ISBN 978-7-112-16682-4:CNY 26.00 |
| 本书第1章公共安全技术概论,介绍公共安全系统的概念、功能与组成,公共安全技术的发展;第2章公共安全技术原理,介绍公共安全系统的构成,公共安全系统的前端技术、信息传输技术、信息存储技术、信息显示技术等;第3章和第4章分别介绍火灾自动报警系统和安全技术防范系统,在介绍各子系统的组成及系统工作原理的基础上,重点叙述主要设备选择和系统设计的相关要素,即强调工程性;第5章应急联动系统,包括建筑应急联动系统和城市应急联动系统;第6章公共安全系统机房、供配电、防雷与接地。 |
| ● |
| 相关链接 |
|
|
|
正题名:公共安全技术
索取号:TU89/Z122
 
预约/预借
| 序号 | 登录号 | 条形码 | 馆藏地/架位号 | 状态 | 备注 |
| 1 | 1135621 | 211356218 | 建筑库201/201建筑库 86排1列3层/ [索取号:TU89/Z122] | 在馆 | |
| 2 | 1135622 | 211356227 | 建筑库201/201建筑库 86排1列3层/ [索取号:TU89/Z122] | 在馆 | |
| 3 | 1135623 | 211356236 | 建筑库201/201建筑库 86排1列3层/ [索取号:TU89/Z122] | 在馆 |